| 000 | 00999naa a22002777a 4500 | ||
|---|---|---|---|
| 001 | BR7603105 | ||
| 003 | BR-BrBNA | ||
| 005 | 20240918173847.0 | ||
| 007 | ta | ||
| 008 | 230509b bl.||||| |||| 00| 0 por d | ||
| 040 |
_aBR-BrBNA _bpor _cBiblioteca Nacional de Agricultura |
||
| 041 | _a(Pt) | ||
| 072 | _aF22 | ||
| 090 | _aF22 BR7603105 | ||
| 100 | 1 | _aGrohmann, F. | |
| 111 | 1 |
_a15. Congresso Brasileiro de Ciencia do Solo _cCampinas, SP (Brazil) _d14 Jul 1975 |
|
| 245 | 1 | _aA vibracao ultrassonica na dispersao de latossolos argilosos [Analise do solo] | |
| 260 | 3 |
_aCampinas, SP (Brasil): _c1976. |
|
| 500 | _aAnais do 15. Congresso Brasileiro de Ciencia do Solo Campinas, SP (Brasil): 1976. p. 27-29 (BR7603105-AM)F22 | ||
| 650 | _aANALISE DO SOLO | ||
| 650 | _aARGILA | ||
| 650 | _aLATOSSOLO | ||
| 773 | 0 |
_tAnais do 15. Congresso Brasileiro de Ciencia do Solo _wF22 BR7603105 _gCampinas, SP (Brasil), 1976. p. 27-29 |
|
| 909 |
_a202404 _bLucia _c55 _dLucia Elande |
||
| 942 |
_cAM _2AGRIS |
||
| 999 |
_c307334 _d307334 |
||